[Event "Prebor mesta Vsetina"]
[Site "Vsetin, Czech Republic"]
[Date "????.??.??"]
[Round "9.2"]
[White "Juracak, David"]
[Black "Zadrapa, Radek"]
[Result "0-1"]
[WhiteElo "1660"]
[BlackElo "2048"]
[PlyCount "114"]

1.d4 Nf6 2.c4 g6 3.Nc3 Bg7 4.Nf3 O-O 5.e3 d6 6.Be2 Nbd7 7.O-O c6 8.b3 Re8 9.
Bb2 Qc7 10.Qc2 e5 11.dxe5 dxe5 12.Rfd1 Nc5 13.Ba3 Bf5 14.Qb2 b6 15.Bxc5 bxc5
16.h3 e4 17.Nd2 h5 18.Rac1 Rad8 19.Nf1 Nd7 20.Ng3 h4 21.Nxf5 gxf5 22.Bf1 Ne5
23.Qe2 Nd3 24.Rc2 Rd6 25.Qh5 Qd8 26.Bxd3 exd3 27.Rcc1 f4 28.e4 d2 29.Rc2 f3
30.Qxf3 Rd3 31.Qg4 f5 32.Qg6 Re5 33.Nb1 Rd6 34.Rcxd2 Rxd2 35.Rxd2 Qe7 36.Qxc6
fxe4 37.Rd7 Qg5 38.Qd6 e3 39.Rd8+ Kf7 40.Qd3 exf2+ 41.Kxf2 Qf6+ 42.Qf3 Rf5 43.
Rd3 Kg6 44.Nd2 Rxf3+ 45.Nxf3 Qb2+ 46.Rd2 Bd4+ 47.Ke2 Qc3 48.Nxh4+ Kg5 49.Nf3+
Kf4 50.Kd1 Qa1+ 51.Ke2 Kg3 52.Ne1 Bc3 53.Rd3+ Kh2 54.Nf3+ Kxg2 55.Nh4+ Kh2 56.
Rd1 Qxa2+ 57.Kf3 Qxb3 0-1

[Event "Prebor mesta Vsetina"]
[Site "Vsetin, Czech Republic"]
[Date "????.??.??"]
[Round "9.3"]
[White "Dolezal, Karel"]
[Black "Matus, Filip"]
[Result "1-0"]
[WhiteElo "1895"]
[BlackElo "1947"]
[PlyCount "77"]

1.Nf3 d5 2.g3 Nf6 3.Bg2 c6 4.O-O e6 5.d3 Bd6 6.c3 O-O 7.Qc2 e5 8.e4 h6 9.h3
Be6 10.Kh2 Nbd7 11.Ng1 Nh7 12.f4 f5 13.exd5 cxd5 14.fxe5 Bxe5 15.Be3 Qc7 16.
Ne2 Nhf6 17.Nf4 Bf7 18.d4 Bd6 19.Qxf5 Rae8 20.Nxd5 Bxg3+ 21.Kh1 Nxd5 22.Bxd5
Nf6 23.Bxf7+ Rxf7 24.Qf3 h5 25.Nd2 Ref8 26.Qg2 h4 27.Rf5 Qb6 28.Nf1 Qe6 29.
Nxg3 Qxe3 30.Nf1 Qe6 31.Re5 Qd7 32.Ne3 Ne8 33.Ng4 Qd6 34.Rg1 Rf5 35.Qxb7 Rxe5
36.dxe5 Qd2 37.Qg2 Qd3 38.Nf6+ Nxf6 39.Qxg7# 1-0

[Event "Prebor mesta Vsetina"]
[Site "Vsetin, Czech Republic"]
[Date "????.??.??"]
[Round "9.4"]
[White "Pys, Zbynek"]
[Black "Vaculik, Lubomir"]
[Result "1-0"]
[WhiteElo "1936"]
[BlackElo "1824"]
[PlyCount "59"]

1.Nf3 c5 2.c4 Nc6 3.Nc3 g6 4.g3 Bg7 5.Bg2 Nf6 6.O-O O-O 7.d3 b6 8.Bd2 Bb7 9.a3
e6 10.e3 d5 11.b3 Qd7 12.cxd5 Nxd5 13.Qc2 Rad8 14.Rfd1 Qc8 15.Rac1 Rd7 16.Nxd5
exd5 17.d4 cxd4 18.exd4 Nxd4 19.Nxd4 Bxd4 20.Qd3 Bc5 21.b4 Re8 22.bxc5 bxc5
23.Qb5 Rc7 24.Bf4 Ba6 25.Qa5 Rce7 26.Bxd5 Be2 27.Re1 c4 28.Qc3 Qf5 29.Bh6
Qxf2+ 30.Kxf2 1-0

[Event "Prebor mesta Vsetina"]
[Site "Vsetin, Czech Republic"]
[Date "????.??.??"]
[Round "9.5"]
[White "Kopecky, Matej"]
[Black "Galda, Tomas"]
[Result "1/2-1/2"]
[WhiteElo "1419"]
[BlackElo "1552"]
[PlyCount "124"]

1.d4 d5 2.Nf3 Nf6 3.g3 g6 4.Bg2 Bg7 5.O-O e6 6.c3 Nbd7 7.Bf4 O-O 8.Nbd2 b6 9.
Ne5 Nh5 10.Nxd7 Qxd7 11.Be3 f5 12.f4 Ba6 13.Bf2 Rac8 14.Re1 c5 15.e3 Nf6 16.
Nf3 Ne4 17.Qb3 Bc4 18.Qd1 a5 19.a4 Qe7 20.Nd2 Nd6 21.Bf1 Bxf1 22.Kxf1 h5 23.
Qb3 Qa7 24.Qa3 Qa6+ 25.Kg2 Nc4 26.Nxc4 Qxc4 27.Rac1 Qa6 28.Qb3 c4 29.Qa3 Rfe8
30.Ra1 Bf8 31.Qa2 Re7 32.Reb1 Rec7 33.h4 Kf7 34.Kg1 Be7 35.Be1 Rb7 36.b3 Rbc7
37.Rb2 Rc6 38.Rab1 b5 39.axb5 Qxb5 40.bxc4 Qxc4 41.Qxa5 Ra6 42.Qb5 Ra7 43.Qxc4
Rxc4 44.Kf2 Rca4 45.Ke2 Ra2 46.Kd3 Rxb2 47.Rxb2 Ra1 48.Bf2 Ra4 49.Be1 Ra1 50.
Ke2 Ke8 51.Rb8+ Bd8 52.Rb7 Be7 53.Rb2 Kd7 54.Rc2 Ra4 55.Kd3 Kc6 56.c4 Rxc4 57.
Rxc4+ dxc4+ 58.Kxc4 Ba3 59.Bd2 Be7 60.Bc1 Bf8 61.Bd2 Be7 62.Ba5 Ba3 1/2-1/2

[Event "Prebor mesta Vsetina"]
[Site "Vsetin, Czech Republic"]
[Date "????.??.??"]
[Round "9.6"]
[White "Papsik, Miroslav"]
[Black "Zadrapa, Jakub"]
[Result "1/2-1/2"]
[WhiteElo "1616"]
[BlackElo "1509"]
[PlyCount "110"]

1.d4 d5 2.e3 Nf6 3.Bd3 c5 4.c3 e6 5.Nf3 Bd6 6.Nbd2 Nbd7 7.Qe2 O-O 8.e4 e5 9.
dxc5 Nxc5 10.Bc2 Re8 11.O-O b6 12.b4 Ne6 13.Rd1 Nf4 14.Qe1 Ba6 15.Nb3 Rc8 16.
Bxf4 exf4 17.Qd2 Bb8 18.exd5 Re2 19.Qc1 Rxc3 20.Bxh7+ Kxh7 21.Qxc3 Ne4 22.Qc6
Rxf2 23.b5 Rxf3 24.bxa6 Rf2 25.Rd2 f3 26.Rxf2 Qh4 27.Rxf3 Qxh2+ 28.Kf1 Qh1+
29.Ke2 Qxg2+ 30.Ke3 Ng5 31.d6 Bxd6 32.Nd4 Bc5 33.Rd1 f5 34.Kd3 Bxd4 35.Kxd4
Nxf3+ 36.Ke3 Qg5+ 37.Kf2 Qh4+ 38.Kxf3 Qg4+ 39.Kf2 Qxd1 40.Qe8 Qc2+ 41.Kg3 Qd3+
42.Kf2 Qd4+ 43.Kf1 Qc4+ 44.Kg1 Qd4+ 45.Kf1 Qf4+ 46.Kg1 Qg5+ 47.Kf2 Qh4+ 48.Kg1
Qh3 49.Qf7 Qg4+ 50.Kf1 Qf3+ 51.Ke1 Qc3+ 52.Kf1 Qd3+ 53.Kf2 Qd2+ 54.Kf1 Qd3+
55.Ke1 Qd8 1/2-1/2

[Event "Prebor mesta Vsetina"]
[Site "Vsetin, Czech Republic"]
[Date "????.??.??"]
[Round "9.7"]
[White "Dancak, Stanislav"]
[Black "Kucera, Pavel"]
[Result "0-1"]
[WhiteElo "1604"]
[BlackElo "1329"]
[PlyCount "92"]

1.c4 f5 2.d4 Nf6 3.Nc3 g6 4.g3 Bg7 5.Bg2 O-O 6.Nh3 d6 7.Qb3 c6 8.O-O Nbd7 9.
Nf4 Nb8 10.d5 Qc7 11.Re1 Re8 12.e4 e5 13.dxe6 Bxe6 14.Nxe6 Rxe6 15.Bf4 fxe4
16.Nxe4 Nxe4 17.Bxe4 Kh8 18.c5 Qd7 19.cxd6 Na6 20.Bf3 Nc5 21.Qc4 Rae8 22.Rxe6
Nxe6 23.Bg4 b5 24.Qb3 Kg8 25.Re1 Kf7 26.Bxe6+ Rxe6 27.Rxe6 Qxe6 28.Qa3 Qe1+
29.Kg2 Qe4+ 30.Qf3 Qxf3+ 31.Kxf3 Bxb2 32.Ke4 Ke6 33.Be3 a6 34.f4 Ba3 35.d7
Kxd7 36.g4 Ke6 37.f5+ gxf5+ 38.gxf5+ Kf7 39.Ke5 h5 40.h3 a5 41.Kf4 Be7 42.Ke5
a4 43.Ke4 Bf6 44.Bd4 Bxd4 45.Kxd4 Kf6 46.Kc5 Kxf5 0-1